000 00748nab a2200229 u 4500
001 15994
003 HDC
007 cr bn ---aaaaa
008 210220c20100923xx dr|noo 0 a eng d
040 _aHDC
245 0 _aHalal Slaughtering Discontinued in Iceland
260 _a[No place] :
_b[publisher not identified],
_c2010
336 _atext
_2rdacontent
337 _acomputer
_2rdamedia
338 _aonline resource
_2rdacarrier
650 _ahalal meat
_91025
650 _ahalal slaughtering
_96029
856 _zRequest full-text at [email protected]
942 _2lcc
942 _cNEWS
942 _kNWSO 005618
999 _c13310
_d13310